000 01548nam2a2200205 4500
001 RU\NLR\PER_A\002787467_003490
005 20250623223025.0
035 _a(NLR Aleph) 012185000
090 _a12289350
_c12289350
100 _a20200123d2019 |||y0rusy50 ca
101 0 _arus
102 _aRU
200 0 _a2019, № 11
210 _d2019
_aБ. м.
461 0 _1001RU\NLR\Per\535171
_12001#$aМолочная промышленность$eДвухмес. науч.-техн. и произв. журн.$fРос. гос.-кооп. об-ние мясн. и молоч. пром-сти "Росмясомолпром", Всесоюз. н.-и. и конструкт. ин-т молоч. пром-сти, Ассоц. предприятий молоч. пром-сти по комплекс. перераб. обезжир. молока, пахты и молоч. сыворотки "КООМПАС"$v2019, № 11
_92461480
_cМ.
_d1992 -
_fРос. гос.-кооп. об-ние мясн. и молоч. пром-сти "Росмясомолпром", Всесоюз. н.-и. и конструкт. ин-т молоч. пром-сти, Ассоц. предприятий молоч. пром-сти по комплекс. перераб. обезжир. молока, пахты и молоч. сыворотки "КООМПАС"
_nКолос
_oДвухмес. науч.-техн. и произв. журн.
_tМолочная промышленность
_v2019, № 11
852 _aNLR
_jП14/75
942 _cISSUE
980 _aNB
980 _aRUSPER